000 00283nam a2200109Ia 4500
008 200302s9999 xx 000 0 und d
100 _aForrest Wilson
245 _aCity Planning the games of Human Settlement
260 _bVan Nostrand Reinhold Co.
260 _c1975
300 _a96 P.,
999 _c5233
_d5233